| 000 | 01541pam a2200325 i 4500 | ||
|---|---|---|---|
| 001 | 4596841 | ||
| 003 | NUST-PNEC | ||
| 005 | 20170116180712.0 | ||
| 008 | 760223s1976 nyua b 001 0 eng | ||
| 010 | _a 76004892 | ||
| 020 | _a0070595585 | ||
| 040 | _cPNEC | ||
| 050 | 0 | 0 |
_aTS176 _b.A43 1976 |
| 082 | 0 | 0 | _a670.202 DAL |
| 100 |
_9578 _aDallas, Daniel B. |
||
| 110 | 2 | _aSociety of Manufacturing Engineers. | |
| 245 | 1 | 0 |
_aTool and manufacturing engineers handbook : _ba reference work for manufacturing engineers / _crev. under the supervision of the SME Publications Committee with the assistance of the SME technical divisions ; Daniel B. Dallas, editor-in-chief. |
| 250 | _a3d ed. | ||
| 260 |
_aNew York : _bMcGraw-Hill, _cc1976. |
||
| 300 |
_a2952 p. : _bill. ; _c24 cm. |
||
| 500 | _aIncludes Index http://www.amazon.com/Tool-Manufacturing-Engineers-Handbook-3ed/dp/0070595585/ref=sr_1_3?s=books&ie=UTF8&qid=1413274297&sr=1-3&keywords=tool+and+manufacturing+engineers+handbook | ||
| 500 | _aFirst-2d ed. prepared by the Society under its earlier name, American Society of Tool and Manufacturing Engineers, and published under title: Tool engineers handbook. | ||
| 504 | _aIncludes bibliographical references and index. | ||
| 650 | 0 |
_aProduction engineering _xHandbooks, manuals, etc. |
|
| 650 | 0 |
_aMetal-work _xME |
|
| 700 | 1 | _aDallas, Daniel B. | |
| 710 | 2 |
_aAmerican Society of Tool and Manufacturing Engineers. _tTool engineers handbook. |
|
| 906 |
_a7 _bcbc _corignew _d1 _eocip _f19 _gy-gencatlg |
||
| 942 |
_2ddc _cBK |
||
| 999 |
_c61006 _d61006 |
||